[Event "SLO-ch U14"]
[Site "Rogaska Slatina"]
[Date "2009.02.26"]
[Round "8"]
[White "Kunej, Timon"]
[Black "Pregelj, Maj"]
[Result "0-1"]
[WhiteElo "1626"]
[BlackElo "1500"]
[PlyCount "88"]
[EventDate "2009.02.22"]
[EventType "swiss"]
[EventRounds "9"]
[EventCountry "SLO"]
[SourceTitle "CBM 129 Extra"]
[Source "ChessBase"]
[SourceDate "2009.05.05"]
[SourceVersion "2"]
[SourceVersionDate "2009.05.20"]
[SourceQuality "1"]

1. e4 e5 2. Nf3 Nc6 3. Nc3 Nf6 4. d4 exd4 5. Nxd4 Bb4 6. Nxc6 Bxc3+ 7. bxc3 bxc6 8. Bg5 Qe7 9. Bd3 0-0 10. 0-0 Qe5 11. Qd2 Nxe4 12. Qe3 Qxg5 13. Qxe4 Qh6 14. Qe5 Qd6 15. Qe4 Qg6 16. Qf4 Qd6 17. Qh4 g6 18. Rfe1 Qc5 19. Qb4 Qb6 20. Rab1 Rb8 21. Qa3 Qxb1 22. Rxb1 Rxb1+ 23. Bf1 Re8 24. h3 Ree1 25. Qxa7 Rxf1+ 26. Kh2 Bb7 27. Qb8+ Kg7 28. Qxc7 Rfe1 29. Qxd7 c5 30. Qd6 h5 31. Qxc5 Rbd1 32. h4 Rg1 33. Qe5+ Kh7 34. f3 Rh1+ 35. Kg3 Rd2 36. Qf4 Rd7 37. Qa4 Rhd1 38. c4 f5 39. c5 R7d4 40. c4 f4+ 41. Kh2 Re1 42. Qb4 Rdd1 43. Qxb7+ Kh6 44. g4 Re2+ 0-1

[Event "SLO-ch U14"]
[Site "Rogaska Slatina"]
[Date "2009.02.23"]
[Round "3"]
[White "Kunej, Timon"]
[Black "Pungarcic, Tine"]
[Result "0-1"]
[WhiteElo "1626"]
[BlackElo "1520"]
[PlyCount "37"]
[EventDate "2009.02.22"]
[EventType "swiss"]
[EventRounds "9"]
[EventCountry "SLO"]
[SourceTitle "CBM 129 Extra"]
[Source "ChessBase"]
[SourceDate "2009.05.05"]
[SourceVersion "2"]
[SourceVersionDate "2009.05.20"]
[SourceQuality "1"]

1. d4 Nf6 2. c4 e6 3. Nc3 Bb4 4. a3 Bxc3+ 5. bxc3 b6 6. e3 Bb7 7. f3 Nc6 8. Bd3 Rc8 9. Ne2 Na5 10. Rb1 c5 11. Bd2 Ba6 12. 0-0 0-0 13. Qa4 d5 14. Rfc1 Qe8 15. Qxe8 Rfxe8 16. Nf4 Bxc4 17. Rc2 g5 18. Bxh7+ Nxh7 19. Ra1 0-1

[Event "Ptuj op"]
[Site "Ptuj"]
[Date "2008.08.09"]
[Round "1"]
[White "Kunej, Timon"]
[Black "Mazi, Leon"]
[Result "0-1"]
[WhiteElo "1599"]
[BlackElo "2350"]
[PlyCount "50"]
[EventDate "2008.08.09"]
[EventType "swiss"]
[EventRounds "9"]
[EventCountry "SLO"]
[SourceTitle "CBM 125 Extra"]
[Source "ChessBase"]
[SourceDate "2008.09.01"]
[SourceVersion "1"]
[SourceVersionDate "2008.09.01"]
[SourceQuality "1"]

1. e4 Nf6 2. Nc3 d5 3. exd5 Nxd5 4. d4 Bf5 5. Bd3 Bg6 6. Qf3 e6 7. Nge2 Be7 8. Nf4 Bxd3 9. Qxd3 Nb4 10. Qe4 Qxd4 11. Qe2 c6 12. Be3 Qe5 13. 0-0 0-0 14. a3 Nd5 15. Ncxd5 cxd5 16. Nd3 Qc7 17. Rac1 Nc6 18. Qg4 Bd6 19. h3 f5 20. Qh4 f4 21. Bc5 Bxc5 22. Nxc5 Nd4 23. Nd3 Ne2+ 24. Kh1 Nxc1 25. Rxc1 e5 0-1

[Event "SLO-ch qual"]
[Site "Sentjur"]
[Date "2008.07.04"]
[Round "3"]
[White "Kunej, Timon"]
[Black "Pahole, Tjasa"]
[Result "0-1"]
[WhiteElo "1599"]
[BlackElo "1591"]
[PlyCount "64"]
[EventDate "2008.07.03"]
[EventType "swiss"]
[EventRounds "9"]
[EventCountry "SLO"]
[SourceTitle "EXT 2010"]
[Source "ChessBase"]
[SourceDate "2010.11.25"]
[SourceVersion "1"]
[SourceVersionDate "2010.11.25"]
[SourceQuality "1"]

1. e4 e5 2. Nf3 Nc6 3. Nc3 Nf6 4. d4 exd4 5. Nxd4 Bb4 6. Nxc6 bxc6 7. Bd3 d5 8. exd5 cxd5 9. 0-0 0-0 10. Bg5 c6 11. Qf3 Be7 12. h3 h6 13. Bh4 Re8 14. Ne2 Rb8 15. b3 Rb4 16. Bg3 Ne4 17. Bxe4 Rxe4 18. c4 Bf6 19. Rae1 Qa5 20. cxd5 cxd5 21. b4 Qxa2 22. Nc3 Bxc3 23. Qxc3 Ba6 24. Rxe4 Rxe4 25. Ra1 Qc4 26. Qxc4 Bxc4 27. Rxa7 d4 28. f3 Re2 29. Rd7 d3 30. Bf4 g5 31. Rd8+ Kg7 32. Bg3 d2 0-1

[Event "SLO-ch U14"]
[Site "Postojna"]
[Date "2008.03.01"]
[Round "9"]
[White "Skvorc, Ziga"]
[Black "Kunej, Timon"]
[Result "0-1"]
[WhiteElo "1559"]
[BlackElo "1601"]
[PlyCount "90"]
[EventDate "2008.02.24"]
[EventType "swiss"]
[EventRounds "9"]
[EventCountry "SLO"]
[SourceTitle "EXT 2010"]
[Source "ChessBase"]
[SourceDate "2010.11.25"]
[SourceVersion "1"]
[SourceVersionDate "2010.11.25"]
[SourceQuality "1"]

1. e4 c5 2. Nf3 d6 3. d4 cxd4 4. Qxd4 Nc6 5. Bb5 e5 6. Bxc6+ bxc6 7. Qc4 Qc7 8. Ng5 Bb7 9. Nc3 Rc8 10. Be3 h6 11. Nf3 Ba8 12. 0-0-0 Nf6 13. Qa4 a5 14. Nd5 Nxd5 15. exd5 Bb7 16. Rd3 Be7 17. g4 0-0 18. Rc3 Qd7 19. h3 Rfd8 20. Bb6 Re8 21. Rg1 Bf6 22. Re3 Re7 23. h4 cxd5 24. Qxd7 Rxd7 25. g5 d4 26. Ra3 hxg5 27. hxg5 Be7 28. Nh4 Be4 29. c3 Rb7 30. Bxa5 Ra7 31. f3 Ba8 32. Nf5 Bf8 33. Nh4 dxc3 34. bxc3 d5 35. Ra4 Bc6 36. Rag4 Rxa5 37. g6 f6 38. Kb2 Rb8+ 39. Ka1 Ba3 40. R1g2 Rab5 41. Rg1 Bb2+ 42. Kb1 Bxc3+ 43. Kc2 Bd4 44. Rh1 Rb2+ 45. Kd3 Bb5# 0-1

[Event "SLO-ch U14"]
[Site "Postojna"]
[Date "2008.02.26"]
[Round "4"]
[White "Petrovcic, Gregor"]
[Black "Kunej, Timon"]
[Result "1-0"]
[WhiteElo "1512"]
[BlackElo "1601"]
[PlyCount "67"]
[EventDate "2008.02.24"]
[EventType "swiss"]
[EventRounds "9"]
[EventCountry "SLO"]
[SourceTitle "EXT 2010"]
[Source "ChessBase"]
[SourceDate "2010.11.25"]
[SourceVersion "1"]
[SourceVersionDate "2010.11.25"]
[SourceQuality "1"]

1. e4 c5 2. d4 cxd4 3. Nf3 d6 4. Nxd4 Nf6 5. Nc3 a6 6. Be2 e5 7. Nf3 Be7 8. 0-0 0-0 9. Nh4 Nxe4 10. Nxe4 Bxh4 11. Qxd6 Nc6 12. c3 Bf5 13. Qxd8 Rfxd8 14. Ng5 Rd6 15. Nf3 Be7 16. Be3 Rg6 17. Kh1 Rd8 18. Rad1 e4 19. Nd4 Nxd4 20. Bxd4 Bd6 21. Be5 Be7 22. Rxd8+ Bxd8 23. Rd1 Be7 24. c4 h6 25. a3 Rc6 26. b4 f6 27. Bb2 b6 28. f3 exf3 29. Bxf3 Rxc4 30. Bd5+ Kf8 31. Bxc4 b5 32. Bd3 Bg4 33. Rc1 Bd7 34. Rc7 1-0

[Event "SLO-ch U14"]
[Site "Postojna"]
[Date "2008.02.25"]
[Round "2"]
[White "Kunej, Timon"]
[Black "Benedicic, Izidor"]
[Result "0-1"]
[WhiteElo "1601"]
[BlackElo "1500"]
[PlyCount "104"]
[EventDate "2008.02.24"]
[EventType "swiss"]
[EventRounds "9"]
[EventCountry "SLO"]
[SourceTitle "EXT 2010"]
[Source "ChessBase"]
[SourceDate "2010.11.25"]
[SourceVersion "1"]
[SourceVersionDate "2010.11.25"]
[SourceQuality "1"]

1. e4 e5 2. Nf3 Nc6 3. Nc3 g6 4. d4 exd4 5. Nxd4 Bg7 6. Nxc6 bxc6 7. Be3 Rb8 8. Bd4 Nf6 9. b3 Ra8 10. Bc4 0-0 11. 0-0 d6 12. Qf3 Bd7 13. Rad1 Re8 14. Bxf6 Qxf6 15. Rd3 Be6 16. Bxe6 Qxf3 17. Rxf3 Rxe6 18. Re3 Rae8 19. f3 d5 20. Rd3 dxe4 21. Nxe4 f5 22. Nc5 Rd6 23. Rxd6 cxd6 24. Nb7 d5 25. Na5 c5 26. Rd1 Re2 27. Rxd5 Rxc2 28. Rd8+ Kf7 29. Rd7+ Kf8 30. h3 Rxa2 31. Rxa7 Bc3 32. Nc6 Rxa7 33. Nxa7 Kf7 34. Kf2 Ke6 35. Ke2 Bd4 36. Nb5 Kd5 37. Kd3 Be5 38. Nc3+ Bxc3 39. Kxc3 h6 40. h4 g5 41. hxg5 hxg5 42. Kd3 g4 43. Ke3 Ke5 44. Kd3 Kd5 45. Kc3 Kd6 46. Kd2 Kd5 47. Kd3 Ke5 48. Kc4 Kd6 49. Kb5 Kd5 50. Kb6 c4 51. bxc4+ Kxc4 52. Kc6 Kd3 0-1

[Event "Sentjur Ipavec Memorial 8th"]
[Site "Sentjur"]
[Date "2007.12.17"]
[Round "8"]
[White "Golob, Hubert"]
[Black "Kunej, Timon"]
[Result "1-0"]
[WhiteElo "1708"]
[BlackElo "1601"]
[PlyCount "43"]
[EventDate "2007.12.08"]
[EventType "swiss"]
[EventRounds "9"]
[EventCountry "SLO"]
[SourceTitle "EXT 2010"]
[Source "ChessBase"]
[SourceDate "2010.11.25"]
[SourceVersion "1"]
[SourceVersionDate "2010.11.25"]
[SourceQuality "1"]

1. Nf3 d5 2. c4 Nf6 3. cxd5 Nxd5 4. d4 Nc6 5. e4 Nb6 6. h3 e6 7. Nc3 g6 8. Bb5 Bg7 9. Be3 0-0 10. 0-0 Bd7 11. Rc1 a6 12. Be2 Qe7 13. a3 Na7 14. b4 Nb5 15. Nxb5 Bxb5 16. Bxb5 axb5 17. d5 Nc4 18. Bc5 Nd6 19. e5 Rxa3 20. dxe6 Qxe6 21. exd6 cxd6 22. Qxd6 1-0

[Event "SLO-ch U12"]
[Site "Murska Sobota"]
[Date "2007.02.28"]
[Round "6"]
[White "Kunej, Timon"]
[Black "Koscak, Jan"]
[Result "1/2-1/2"]
[WhiteElo "1556"]
[BlackElo "1530"]
[PlyCount "45"]
[EventDate "2007.02.25"]
[EventType "swiss"]
[EventRounds "9"]
[EventCountry "SLO"]
[SourceTitle "CBM 117 Extra"]
[Source "ChessBase"]
[SourceDate "2007.05.09"]
[SourceVersion "1"]
[SourceVersionDate "2007.05.09"]
[SourceQuality "1"]

1. e4 e5 2. Nf3 Nf6 3. Nc3 Bb4 4. a3 Bxc3 5. bxc3 Nc6 6. d3 0-0 7. Be2 d5 8. exd5 Qxd5 9. 0-0 Re8 10. c4 Qd6 11. Bb2 Bf5 12. a4 Nb4 13. Ba3 c5 14. Rb1 b6 15. Qd2 a5 16. Nh4 Bd7 17. Nf3 Bxa4 18. c3 Na6 19. d4 exd4 20. cxd4 Nb4 21. Bd1 Bxd1 22. Rfxd1 Ne4 23. Qc1 1/2-1/2

[Event "SLO-ch U10"]
[Site "Sentjur"]
[Date "2005.03.08"]
[Round "9"]
[White "Kunej, Timon"]
[Black "Gomboc, Adrian"]
[Result "0-1"]
[WhiteElo "1575"]
[BlackElo "1525"]
[PlyCount "68"]
[EventDate "2005.02.26"]
[EventType "tourn"]
[EventRounds "9"]
[EventCountry "SLO"]
[SourceTitle "CBM 105 Extra"]
[Source "ChessBase"]
[SourceDate "2005.05.01"]
[SourceVersion "1"]
[SourceVersionDate "2005.05.01"]
[SourceQuality "1"]

1. e4 e5 2. Nf3 d6 3. Nc3 Nf6 4. Bc4 h6 5. d3 Nc6 6. Be3 Be7 7. Qe2 0-0 8. Nh4 Nxe4 9. dxe4 Bxh4 10. g4 Bg5 11. Bxg5 Qxg5 12. Rg1 Nd4 13. Qd1 Qf4 14. Rg3 Be6 15. Bd3 c5 16. Be2 a6 17. f3 b5 18. a3 Rfb8 19. b4 c4 20. Qd2 Qxd2+ 21. Kxd2 a5 22. bxa5 Rxa5 23. g5 hxg5 24. Rxg5 b4 25. Nb1 b3 26. c3 Nc2 27. Kc1 Nxa1 28. Rh5 Nc2 29. Kd2 Nxa3 30. Nxa3 Rxa3 31. Bd1 b2 32. Bc2 Rba8 33. Bb1 Ra1 34. Kc2 Bd7 0-1

[Event "SLO-ch U10"]
[Site "Sentjur"]
[Date "2005.03.03"]
[Round "8"]
[White "Suhadolnik, Jernej"]
[Black "Kunej, Timon"]
[Result "0-1"]
[WhiteElo "1500"]
[BlackElo "1575"]
[PlyCount "97"]
[EventDate "2005.02.26"]
[EventType "tourn"]
[EventRounds "9"]
[EventCountry "SLO"]
[SourceTitle "CBM 105 Extra"]
[Source "ChessBase"]
[SourceDate "2005.05.01"]
[SourceVersion "1"]
[SourceVersionDate "2005.05.01"]
[SourceQuality "1"]

1. e4 e5 2. Bc4 Nf6 3. d3 Nc6 4. a3 Bc5 5. Nf3 Ng4 6. 0-0 Qf6 7. h3 Nh6 8. Bg5 Qg6 9. Qd2 f6 10. Bxh6 Qxh6 11. Qxh6 gxh6 12. Nc3 d6 13. b4 Bb6 14. a4 a6 15. a5 Ba7 16. Nd5 Kd8 17. Nxf6 Nxb4 18. c3 Nc6 19. Bd5 Ke7 20. Bxc6 bxc6 21. Nh5 Rg8 22. Rfd1 Bxh3 23. g3 Bg4 24. Kg2 Bxh5 25. Re1 Bxf3+ 26. Kxf3 Raf8+ 27. Kg2 Rxf2+ 28. Kh3 Rf3 29. Rad1 Rb8 30. Kg4 Rf6 31. Kh5 Rb3 32. d4 exd4 33. cxd4 Rb4 34. e5 dxe5 35. Rxe5+ Re6 36. Rxe6+ Kxe6 37. Re1+ Kd5 38. Re7 Bxd4 39. Rxh7 c5 40. Rxc7 c4 41. Kxh6 c3 42. g4 Rc4 43. Rxc4 Kxc4 44. g5 c2 45. g6 c1Q+ 46. Kh7 Qa1 47. Kh6 Qxa5 48. g7 Bxg7+ 49. Kxg7 0-1

[Event "SLO-ch U10"]
[Site "Sentjur"]
[Date "2005.02.27"]
[Round "3"]
[White "Drnovsek, Gal"]
[Black "Kunej, Timon"]
[Result "1-0"]
[WhiteElo "1500"]
[BlackElo "1575"]
[PlyCount "73"]
[EventDate "2005.02.26"]
[EventType "tourn"]
[EventRounds "9"]
[EventCountry "SLO"]
[SourceTitle "CBM 105 Extra"]
[Source "ChessBase"]
[SourceDate "2005.05.01"]
[SourceVersion "1"]
[SourceVersionDate "2005.05.01"]
[SourceQuality "1"]

1. e4 e5 2. Nf3 Nc6 3. Bc4 Qf6 4. d3 Bc5 5. Bg5 Qg6 6. 0-0 d6 7. Re1 Bg4 8. Be3 Bxf3 9. Qxf3 Bd4 10. c3 Bxe3 11. Qxe3 Nf6 12. d4 exd4 13. cxd4 0-0 14. f4 Nb4 15. Qd2 Nc6 16. Nc3 Rae8 17. d5 Na5 18. Bd3 Nd7 19. b4 b6 20. bxa5 bxa5 21. Bb5 Re7 22. Bxd7 Rxd7 23. e5 dxe5 24. fxe5 c6 25. d6 Qf5 26. Rad1 Re8 27. Qf2 Qxf2+ 28. Kxf2 Rb8 29. e6 fxe6 30. Rxe6 Rb2+ 31. Re2 Rf7+ 32. Ke1 Rxe2+ 33. Kxe2 Rd7 34. Ke3 Kf7 35. Kf4 Ke6 36. Ne4 h6 37. Nc5+ 1-0